[Event "Paris-ch op-B"]
[Site "Paris"]
[Date "2009.07.06"]
[Round "3"]
[White "De Mersseman, Eric"]
[Black "Dovillers, Vincent"]
[Result "1/2-1/2"]
[WhiteElo "1809"]
[BlackElo "1690"]
[PlyCount "123"]
[EventDate "2009.07.04"]
[EventType "swiss"]
[EventRounds "9"]
[EventCountry "FRA"]
[SourceTitle "EXT 2010"]
[Source "ChessBase"]
[SourceDate "2010.11.25"]
[SourceVersion "1"]
[SourceVersionDate "2010.11.25"]
[SourceQuality "1"]

1. c4 Nf6 2. Nc3 e6 3. e4 d5 4. e5 Nfd7 5. d4 c5 6. Nf3 cxd4 7. Qxd4 Nc6 8. Qd2 dxc4 9. Bxc4 Ndxe5 10. Nxe5 Qxd2+ 11. Bxd2 Nxe5 12. Be2 Bd7 13. f4 Nc6 14. Nb5 Rc8 15. Be3 Bb4+ 16. Kf2 a6 17. Nc3 0-0 18. Rhd1 Nb8 19. Rac1 Bc6 20. a3 Be7 21. Rd2 Rfd8 22. Rdc2 Nd7 23. Nd1 Nb8 24. Bb6 Rd7 25. Bf3 Bd8 26. Ba7 Rdc7 27. Bb6 Rd7 28. Ba7 Rdc7 29. Bxb8 Rxb8 30. Bxc6 Rxc6 31. Rxc6 bxc6 32. Rxc6 a5 33. Rc4 Kf8 34. Ke2 Bf6 35. Kd3 Bxb2 36. Ra4 Bc1 37. Rxa5 Rb3+ 38. Kc4 Rxa3 39. Rxa3 Bxa3 40. Nf2 Bd6 41. Nd3 f6 42. h3 h5 43. Kd4 Bxf4 44. Nxf4 e5+ 45. Ke4 exf4 46. Kxf4 Kf7 47. h4 Ke6 48. g3 g6 49. Ke4 g5 50. hxg5 fxg5 51. Ke3 Ke5 52. Kf3 Kf5 53. Kf2 Kg4 54. Kg2 h4 55. gxh4 Kxh4 56. Kh2 g4 57. Kg2 g3 58. Kg1 Kg4 59. Kg2 Kf4 60. Kg1 Kf3 61. Kh1 Kf4 62. Kg1 1/2-1/2